[Event "GBR-ch86"]
[Site "Scarborough"]
[Date "1999.08.05"]
[Round "4.4"]
[White "Kunte, Abhijit"]
[Black "Hodgson, Julian M"]
[Result "0-1"]
[WhiteElo "2465"]
[BlackElo "2605"]
[PlyCount "70"]
[EventDate "1999.08.02"]
[EventType "swiss"]
[EventRounds "11"]
[EventCountry "GBR"]

1. Nf3 d6 2. d4 Bg4 3. e3 Nd7 4. Be2 Ngf6 5. h3 Bh5 6. c4 e6 7. Nc3 c6 8. d5
exd5 9. cxd5 Bxf3 10. Bxf3 c5 11. O-O a6 12. e4 Be7 13. Bf4 O-O 14. a4 Re8 15.
b3 Nf8 16. Qc2 Ng6 17. Bh2 Qa5 18. Nb1 Nh4 19. Nd2 Nxf3+ 20. Nxf3 Qb4 21. Rfe1
Bf8 22. Nd2 b5 23. Bg3 Rac8 24. f3 g6 25. axb5 axb5 26. Ra6 Nh5 27. Bf2 Bg7 28.
Nf1 Bd4 29. Bxd4 cxd4 30. Qd2 Qxd2 31. Nxd2 Rc2 32. Rd1 Nf4 33. Kf1 Rec8 34. g3
Nd3 35. Ke2 Nb2 0-1

[Event "GBR-ch86"]
[Site "Scarborough"]
[Date "1999.08.05"]
[Round "4.5"]
[White "Conquest, Stuart"]
[Black "Saravanan, Venkat"]
[Result "1/2-1/2"]
[WhiteElo "2555"]
[BlackElo "2429"]
[PlyCount "81"]
[EventDate "1999.08.02"]
[EventType "swiss"]
[EventRounds "11"]
[EventCountry "GBR"]

1. d4 Nf6 2. c4 g6 3. Nc3 Bg7 4. e4 d6 5. h3 O-O 6. Nf3 e5 7. d5 Na6 8. Bg5 h6
9. Be3 Nc5 10. Nd2 a5 11. g4 c6 12. Be2 Bd7 13. h4 Ne8 14. Nf1 cxd5 15. cxd5
Qb8 16. a4 Nc7 17. Ra3 b5 18. axb5 Nxb5 19. Bxb5 Bxb5 20. Bxc5 Bxf1 21. Bxd6
Qxd6 22. Kxf1 Rfb8 23. Ra2 Rb4 24. h5 Bf8 25. Kg2 Qf6 26. Qf3 Qg5 27. hxg6 fxg6
28. Rha1 Ra6 29. d6 Rxd6 30. Rxa5 h5 31. Nd5 hxg4 32. Qe2 Rd4 33. Ra8 R6xd5 34.
exd5 g3 35. R1a3 Rd2 36. Qxd2 Qxd2 37. Rf3 gxf2 38. Raxf8+ Kg7 39. R8f7+ Kg8
40. Rf8+ Kg7 41. R8f7+ 1/2-1/2

[Event "GBR-ch86"]
[Site "Scarborough"]
[Date "1999.08.05"]
[Round "4.6"]
[White "Thipsay, Praveen"]
[Black "Pert, Nicholas"]
[Result "1-0"]
[WhiteElo "2492"]
[BlackElo "2425"]
[PlyCount "75"]
[EventDate "1999.08.02"]
[EventType "swiss"]
[EventRounds "11"]
[EventCountry "GBR"]

1. e4 e6 2. d4 d5 3. e5 c5 4. c3 Bd7 5. Nf3 Qb6 6. a3 cxd4 7. cxd4 Bb5 8. Bxb5+
Qxb5 9. Nc3 Qa6 10. Ne2 Ne7 11. O-O Nbc6 12. Nf4 Nf5 13. g4 Nfe7 14. Nh5 h6 15.
Be3 Ng8 16. b4 g6 17. Ng3 Nge7 18. Nh4 Nc8 19. f4 Be7 20. Ng2 Nb6 21. Qb1 Qb5
22. f5 g5 23. Nh5 Kd7 24. fxe6+ fxe6 25. Rf7 Raf8 26. Qg6 Nc8 27. a4 Qxb4 28.
Rb1 Qxa4 29. Rxb7+ Kd8 30. Qxe6 Qd1+ 31. Ne1 Qxe1+ 32. Kg2 Qe2+ 33. Bf2 Qe4+
34. Kh3 Nb8 35. Rxb8 Kc7 36. Rxc8+ Rxc8 37. Qxe7+ Kb6 38. Qb4+ 1-0

[Event "GBR-ch86"]
[Site "Scarborough"]
[Date "1999.08.05"]
[Round "4.7"]
[White "Lane, Gary William"]
[Black "Rowson, Jonathan"]
[Result "0-1"]
[WhiteElo "2409"]
[BlackElo "2490"]
[PlyCount "80"]
[EventDate "1999.08.02"]
[EventType "swiss"]
[EventRounds "11"]
[EventCountry "GBR"]

1. e4 c5 2. Nf3 d6 3. d4 Nf6 4. Nc3 cxd4 5. Nxd4 a6 6. f4 g6 7. Qf3 Bg7 8. h3
O-O 9. Be3 e5 10. Nde2 b5 11. O-O-O Nbd7 12. a3 Bb7 13. g4 Rc8 14. g5 Nxe4 15.
Nxe4 Qc7 16. c3 f5 17. gxf6 Nxf6 18. N2g3 exf4 19. Bg2 Nxe4 20. Nxe4 fxe3 21.
Qxe3 Be5 22. Kb1 Rce8 23. Qd3 Qe7 24. Rhe1 Rd8 25. Re2 Bc8 26. Ka1 Kh8 27. Nd2
Bf5 28. Be4 Be6 29. h4 Bg4 30. Bf3 Qxh4 31. Qe4 Rf4 32. Qe3 Rdf8 33. Bxg4 Qxg4
34. Rh1 R4f7 35. Ka2 Qe6+ 36. Ka1 Qg4 37. Ree1 a5 38. Ne4 b4 39. Ng5 Re7 40.
Nxh7 Rxh7 0-1

[Event "GBR-ch86"]
[Site "Scarborough"]
[Date "1999.08.05"]
[Round "4.9"]
[White "Gallagher, Joseph G"]
[Black "Kidambi, Sundara"]
[Result "1-0"]
[WhiteElo "2521"]
[BlackElo "2334"]
[PlyCount "49"]
[EventDate "1999.08.02"]
[EventType "swiss"]
[EventRounds "11"]
[EventCountry "GBR"]

1. e4 c6 2. d4 d5 3. Nd2 dxe4 4. Nxe4 Nd7 5. Nf3 Ngf6 6. Ng3 e6 7. Bd3 c5 8.
O-O cxd4 9. Nxd4 Bc5 10. Nb3 Be7 11. Re1 O-O 12. Qf3 Nb6 13. Bd2 Nbd5 14. Rad1
Bd7 15. c4 Nb4 16. Bb1 Nc6 17. Bc3 Qc7 18. Bxf6 Bxf6 19. Qd3 g6 20. Qxd7 Qxd7
21. Rxd7 Bxb2 22. Rxb7 Nd4 23. Nxd4 Bxd4 24. Rd1 Rfd8 25. Kf1 1-0

[Event "GBR-ch86"]
[Site "Scarborough"]
[Date "1999.08.05"]
[Round "4.10"]
[White "Mason, Donald"]
[Black "Hebden, Mark"]
[Result "0-1"]
[WhiteElo "2284"]
[BlackElo "2510"]
[PlyCount "69"]
[EventDate "1999.08.02"]
[EventType "swiss"]
[EventRounds "11"]
[EventCountry "GBR"]

1. g3 g6 2. Bg2 Bg7 3. d4 c5 4. c3 Qb6 5. Nf3 Nf6 6. O-O O-O 7. Nbd2 cxd4 8.
cxd4 d5 9. Qb3 Qa6 10. e3 Nc6 11. Ne5 Bf5 12. Re1 Nxe5 13. dxe5 Ne4 14. f4 Rfd8
15. g4 Be6 16. Nxe4 dxe4 17. Qb4 Rac8 18. Bd2 Bxg4 19. Bc3 Bf5 20. Bxe4 Bxe4
21. Qxe4 e6 22. Rac1 Bf8 23. a3 Bc5 24. Bd4 Bxd4 25. exd4 Rxc1 26. Rxc1 Qb6 27.
Rc4 Qxb2 28. a4 a6 29. f5 Qa1+ 30. Kf2 exf5 31. Qh4 Qa2+ 32. Ke1 Re8 33. Rc7
Qxa4 34. Rxb7 Rxe5+ 35. Kd2 0-1

[Event "GBR-ch86"]
[Site "Scarborough"]
[Date "1999.08.05"]
[Round "4.11"]
[White "Arkell, Keith C"]
[Black "Walker, David"]
[Result "1-0"]
[WhiteElo "2462"]
[BlackElo "2280"]
[PlyCount "89"]
[EventDate "1999.08.02"]
[EventType "swiss"]
[EventRounds "11"]
[EventCountry "GBR"]

1. d4 g6 2. Nf3 Bg7 3. g3 Nf6 4. Bg2 O-O 5. O-O d6 6. c4 Nc6 7. Nc3 Bf5 8. b3
Ne4 9. Bb2 Nxc3 10. Bxc3 Be4 11. Rc1 d5 12. e3 a5 13. Qe2 e6 14. Rfd1 Qe7 15.
Bh3 Nb4 16. Ne1 dxc4 17. bxc4 b6 18. a3 Na6 19. Bb2 Bb7 20. Nd3 Rfd8 21. c5 Bd5
22. Bg2 Bxg2 23. Kxg2 Rab8 24. cxb6 cxb6 25. Ne5 Bxe5 26. Qxa6 Bf6 27. Rc6 Qb7
28. Qxb7 Rxb7 29. Bc3 Be7 30. Rb1 Rdb8 31. a4 b5 32. axb5 Rxb5 33. Rxb5 Rxb5
34. Rc8+ Kg7 35. d5+ Kh6 36. dxe6 fxe6 37. Rc7 Bb4 38. Bg7+ Kh5 39. Bf6 g5 40.
Rc6 g4 41. Rxe6 Rf5 42. Be5 Bf8 43. e4 Rg5 44. Bf4 Rb5 45. h3 1-0

[Event "GBR-ch86"]
[Site "Scarborough"]
[Date "1999.08.05"]
[Round "4.14"]
[White "Williams, Simon Kim"]
[Black "Shaw, Robert"]
[Result "1-0"]
[WhiteElo "2421"]
[BlackElo "2184"]
[PlyCount "111"]
[EventDate "1999.08.02"]
[EventType "swiss"]
[EventRounds "11"]
[EventCountry "GBR"]

1. c4 Nf6 2. Nc3 g6 3. g3 Bg7 4. Bg2 O-O 5. e4 d6 6. Nge2 c5 7. O-O Nc6 8. d3
Nh5 9. h3 f5 10. exf5 gxf5 11. d4 cxd4 12. Nxd4 Nxd4 13. Qxh5 Qe8 14. Qh4 Qf7
15. Bg5 e5 16. Nd5 Be6 17. Kh1 e4 18. Be7 Bxd5 19. Bxf8 Bf6 20. Qf4 Bxc4 21.
Bxd6 Bxf1 22. Bxf1 Rc8 23. g4 Qd5 24. Rd1 Rc6 25. Bb4 Qe5 26. Qxe5 Bxe5 27.
gxf5 Nxf5 28. Rd5 Bd6 29. Bc3 Ne7 30. Rd4 Kf8 31. Bc4 a6 32. Rxe4 b5 33. Bb3
Ng6 34. Kg2 Nf4+ 35. Kf3 Nxh3 36. Rg4 Rc5 37. Ke3 Rg5 38. Rxg5 Nxg5 39. f4 Nf7
40. Bd5 Ke7 41. b4 Nd8 42. f5 Kd7 43. Ke4 Nc6 44. a3 a5 45. bxa5 Bxa3 46. a6 h5
47. Bd4 h4 48. a7 Nxa7 49. Bxa7 Bb2 50. Kf4 Kd6 51. Bb3 Bf6 52. Kg4 Ke5 53. Be6
Be7 54. Bf2 h3 55. Kxh3 Kf4 56. Bg3+ 1-0

[Event "GBR-ch86"]
[Site "Scarborough"]
[Date "1999.08.05"]
[Round "4.15"]
[White "Devereaux, Max"]
[Black "Heidenfeld, Mark"]
[Result "1/2-1/2"]
[WhiteElo "2265"]
[BlackElo "2368"]
[PlyCount "72"]
[EventDate "1999.08.02"]
[EventType "swiss"]
[EventRounds "11"]
[EventCountry "GBR"]

1. e4 e5 2. Nf3 Nc6 3. d4 exd4 4. Nxd4 d6 5. Bc4 g6 6. Nxc6 bxc6 7. Qf3 Qf6 8.
Qb3 Bg7 9. Nc3 Ne7 10. h4 h6 11. Be3 Be6 12. Rd1 Bxc4 13. Qxc4 Qe6 14. Qxe6
fxe6 15. Ne2 Bxb2 16. c3 Ba3 17. Rb1 d5 18. Bd4 O-O 19. Rb3 Rab8 20. Kd2 Rxb3
21. axb3 e5 22. Bxa7 Bd6 23. Be3 Kg7 24. h5 Ra8 25. Ng3 Ra2+ 26. Kd3 g5 27. Rb1
Kf7 28. b4 Ke6 29. b5 d4 30. Bd2 c5 31. c4 Nc8 32. Nf5 Bf8 33. g3 Nb6 34. Rc1
Ra3+ 35. Ke2 Ra4 36. Kd3 Ra3+ 1/2-1/2

[Event "GBR-ch86"]
[Site "Scarborough"]
[Date "1999.08.05"]
[Round "4.16"]
[White "Farndon, David"]
[Black "Dunnington, Angus J"]
[Result "1/2-1/2"]
[WhiteElo "2238"]
[BlackElo "2366"]
[PlyCount "181"]
[EventDate "1999.08.02"]
[EventType "swiss"]
[EventRounds "11"]
[EventCountry "GBR"]

1. Nf3 d6 2. g3 e5 3. d3 f5 4. Bg2 Nf6 5. c4 Be7 6. Nc3 O-O 7. O-O Qe8 8. Bg5
Nbd7 9. e3 h6 10. Bxf6 Nxf6 11. Nd2 c6 12. b4 a6 13. a4 Be6 14. b5 d5 15. bxc6
bxc6 16. Rb1 Qd7 17. Nf3 Qc7 18. Qe2 dxc4 19. dxc4 Nd7 20. Nd2 a5 21. Rfc1 Rab8
22. Bh3 Nc5 23. e4 f4 24. Bxe6+ Nxe6 25. Qg4 Nc5 26. Rxb8 Qxb8 27. Rb1 Qa7 28.
Qe2 Ne6 29. Nf3 Nd4 30. Nxd4 Qxd4 31. Rb7 Qxc3 32. Rxe7 f3 33. Qd1 Qxc4 34. h4
Qxe4 35. Qb3+ Kh8 36. Qd1 Qd5 37. Qxd5 cxd5 38. Rxe5 Rd8 39. Kf1 Rb8 40. Ke1
Rb1+ 41. Kd2 Rb2+ 42. Ke3 Re2+ 43. Kf4 Rxf2 44. Rxd5 Ra2 45. Kxf3 Ra3+ 46. Kg2
Rxa4 47. h5 Kg8 48. Rf5 Ra1 49. Kh2 a4 50. Rf4 a3 51. Rf3 Ra2+ 52. Kh3 Ra1 53.
Kh2 g5 54. hxg6 Kg7 55. Kg2 Kxg6 56. Kh2 Kg5 57. Kg2 Ra2+ 58. Kh3 h5 59. Rb3
Ra1 60. Kg2 Kf5 61. Re3 Kf6 62. Kh2 Kg5 63. Rf3 h4 64. gxh4+ Kxh4 65. Rb3 Kg4
66. Kg2 Kf4 67. Kh2 Ke4 68. Kg2 Kd4 69. Rf3 Ra2+ 70. Kg3 Ke4 71. Rf4+ Ke5 72.
Rf3 Ra1 73. Kg2 Ke4 74. Rb3 Ra2+ 75. Kg3 Kd5 76. Rf3 Ke5 77. Rb3 Ke4 78. Rc3
Ra1 79. Kg2 Kd4 80. Rf3 Ra2+ 81. Kg3 Kc4 82. Rf4+ Kd3 83. Rf3+ Ke4 84. Rf4+ Ke5
85. Rf3 Ra1 86. Kg2 Kd4 87. Rf4+ Kc5 88. Rf5+ Kc4 89. Rf4+ Kd3 90. Rf3+ Ke4 91.
Rb3 1/2-1/2

[Event "GBR-ch86"]
[Site "Scarborough"]
[Date "1999.08.05"]
[Round "4.17"]
[White "Houska, Miroslav"]
[Black "Simons, Martin"]
[Result "1-0"]
[WhiteElo "2364"]
[BlackElo "2264"]
[PlyCount "49"]
[EventDate "1999.08.02"]
[EventType "swiss"]
[EventRounds "11"]
[EventCountry "GBR"]

1. d4 Nf6 2. c4 c5 3. d5 b5 4. cxb5 a6 5. bxa6 g6 6. Nc3 Bxa6 7. f4 Bg7 8. Nf3
d6 9. e4 Bxf1 10. Rxf1 Qb6 11. e5 dxe5 12. fxe5 Ng4 13. Qe2 Qa6 14. Qe4 f5 15.
exf6 Nxf6 16. Qh4 e6 17. Bh6 O-O 18. Bxg7 Kxg7 19. Ng5 exd5 20. Rxf6 Re8+ 21.
Nge4 Qb7 22. O-O-O dxe4 23. Rdf1 Re7 24. Rf8 Ra6 25. Rxb8 1-0

[Event "GBR-ch86"]
[Site "Scarborough"]
[Date "1999.08.05"]
[Round "4.19"]
[White "Kosten, Anthony"]
[Black "Lilley, Graham"]
[Result "1-0"]
[WhiteElo "2515"]
[BlackElo "2235"]
[PlyCount "55"]
[EventDate "1999.08.02"]
[EventType "swiss"]
[EventRounds "11"]
[EventCountry "GBR"]

1. c4 Nf6 2. Nc3 g6 3. g3 Bg7 4. Bg2 O-O 5. d3 e5 6. e4 Nc6 7. Nge2 d6 8. O-O
Nd7 9. Nd5 Nc5 10. b4 Ne6 11. Bb2 f5 12. exf5 gxf5 13. f4 Ncd4 14. fxe5 dxe5
15. Nxd4 Nxd4 16. Bxd4 exd4 17. b5 Bd7 18. Re1 Kh8 19. Qh5 c6 20. bxc6 bxc6 21.
Nf4 Qf6 22. Re7 Be8 23. Qe2 Bf7 24. Re1 Rfe8 25. Rxe8+ Bxe8 26. Qxe8+ Rxe8 27.
Rxe8+ Bf8 28. Ne6 1-0

[Event "GBR-ch86"]
[Site "Scarborough"]
[Date "1999.08.05"]
[Round "4.20"]
[White "Ledger, Andrew"]
[Black "Rayner, Francis"]
[Result "1/2-1/2"]
[WhiteElo "2431"]
[BlackElo "2218"]
[PlyCount "80"]
[EventDate "1999.08.02"]
[EventType "swiss"]
[EventRounds "11"]
[EventCountry "GBR"]

1. d4 Nf6 2. Nf3 g6 3. Bg5 Bg7 4. Nbd2 d5 5. e3 O-O 6. Be2 Nbd7 7. h3 c5 8. c3
b6 9. O-O Bb7 10. a4 a6 11. Qb1 Re8 12. Bf4 Ne4 13. Rd1 f5 14. Qa2 e6 15. Bh2
Qe7 16. Rac1 Kh8 17. Qb3 c4 18. Qc2 g5 19. Nxe4 fxe4 20. Nd2 e5 21. b3 b5 22.
Rb1 exd4 23. cxd4 Bc6 24. bxc4 dxc4 25. axb5 axb5 26. d5 Bxd5 27. Rxb5 Bc6 28.
Rbb1 Ba4 29. Qxc4 Bxd1 30. Rxd1 Nf6 31. Qb5 Rad8 32. Nc4 Rxd1+ 33. Bxd1 Rd8 34.
Bb3 Rd5 35. Qb8+ Rd8 36. Qb6 Nd5 37. Qa5 Bc3 38. Qb5 Qb4 39. Qxb4 Nxb4 40. Nd6
Ra8 1/2-1/2

[Event "GBR-ch86"]
[Site "Scarborough"]
[Date "1999.08.05"]
[Round "4.21"]
[White "Hunt, Harriet"]
[Black "Ledger, David"]
[Result "1/2-1/2"]
[WhiteElo "2420"]
[BlackElo "2240"]
[PlyCount "115"]
[EventDate "1999.08.02"]
[EventType "swiss"]
[EventRounds "11"]
[EventCountry "GBR"]

1. e4 e5 2. Nf3 Nc6 3. Bb5 Nf6 4. O-O Bc5 5. c3 O-O 6. Re1 d6 7. d4 Bb6 8. h3
Bd7 9. Na3 a6 10. Bf1 Re8 11. d5 Ne7 12. Nc4 Ba7 13. Be3 Bxe3 14. Rxe3 Ng6 15.
g3 Bb5 16. Nfd2 c6 17. a4 Bxc4 18. Nxc4 cxd5 19. exd5 Rc8 20. a5 Ne7 21. Nb6
Rc5 22. b4 Rc7 23. g4 Ng6 24. c4 Nf4 25. Rc1 Nd7 26. Na4 Qg5 27. Nc3 f5 28. Rg3
Nf6 29. Rc2 fxg4 30. hxg4 e4 31. Qd4 Rce7 32. Nd1 Nxg4 33. Ne3 Qe5 34. Qxe5
Nxe5 35. Bg2 Nxg2 36. Kxg2 Nd3 37. Rc3 Rf8 38. c5 Ref7 39. cxd6 Rxf2+ 40. Kg1
Ne5 41. Rc7 g6 42. Re7 R2f3 43. Rxf3 Nxf3+ 44. Kg2 Rd8 45. Rxb7 Ne1+ 46. Kg3
Nd3 47. Nc4 h5 48. Kh4 Nf4 49. Ne3 Rxd6 50. Rb6 Rd8 51. d6 Kf7 52. Rxa6 Ke6 53.
b5 Rb8 54. Kg5 Nd5 55. d7+ Kxd7 56. Nxd5 Rxb5 57. Kf4 Rxd5 58. Rxg6 1/2-1/2

[Event "GBR-ch86"]
[Site "Scarborough"]
[Date "1999.08.05"]
[Round "4.23"]
[White "Al-Rakib, Abdullah"]
[Black "Stephenson, F Norman"]
[Result "1-0"]
[WhiteElo "2367"]
[BlackElo "2212"]
[PlyCount "57"]
[EventDate "1999.08.02"]
[EventType "swiss"]
[EventRounds "11"]
[EventCountry "GBR"]

1. d4 d5 2. c4 e6 3. Nc3 Nf6 4. cxd5 exd5 5. Bg5 Be7 6. e3 c6 7. Qc2 O-O 8. Bd3
Nbd7 9. Nge2 Re8 10. O-O Nf8 11. f3 Be6 12. Rad1 Rc8 13. e4 dxe4 14. fxe4 Bg4
15. Bxf6 Bxf6 16. e5 Be7 17. Bc4 Be6 18. Bxe6 Nxe6 19. Qf5 Rf8 20. d5 cxd5 21.
Nxd5 Qe8 22. Nec3 Rc4 23. Ne4 Rd4 24. Rxd4 Nxd4 25. Qg4 Kh8 26. Nef6 Bxf6 27.
exf6 Ne6 28. Nc7 Qd7 29. fxg7+ 1-0

[Event "GBR-ch86"]
[Site "Scarborough"]
[Date "1999.08.05"]
[Round "4.25"]
[White "Thipsay, Bhagyashree"]
[Black "Berry, Neil"]
[Result "1-0"]
[WhiteElo "2335"]
[BlackElo "2200"]
[PlyCount "59"]
[EventDate "1999.08.02"]
[EventType "swiss"]
[EventRounds "11"]
[EventCountry "GBR"]

1. e4 c5 2. Nf3 d6 3. d4 cxd4 4. Nxd4 Nf6 5. Nc3 a6 6. Be2 e5 7. Nb3 Be7 8. O-O
O-O 9. Kh1 Qc7 10. a4 Be6 11. f4 Nbd7 12. Be3 Rfc8 13. a5 Bc4 14. Bxc4 Qxc4 15.
Ra4 Qc7 16. Qe2 Bf8 17. Nd2 Re8 18. f5 Rac8 19. g4 d5 20. exd5 Qd8 21. g5 Rxc3
22. bxc3 Nxd5 23. Rh4 Nxe3 24. Qxe3 Bc5 25. Qh3 Nf8 26. Ne4 Qd5 27. Qg2 Kh8 28.
g6 fxg6 29. fxg6 Nxg6 30. Qxg6 1-0

[Event "GBR-ch86"]
[Site "Scarborough"]
[Date "1999.08.05"]
[Round "4.26"]
[White "Pert, Richard G"]
[Black "Hanley, Craig"]
[Result "1/2-1/2"]
[WhiteElo "2308"]
[BlackElo "2178"]
[PlyCount "50"]
[EventDate "1999.08.02"]
[EventType "swiss"]
[EventRounds "11"]
[EventCountry "GBR"]

1. e4 e6 2. d4 d5 3. Nd2 Nf6 4. e5 Nfd7 5. Bd3 c5 6. c3 Nc6 7. Ne2 cxd4 8. cxd4
f6 9. exf6 Nxf6 10. O-O Bd6 11. Nf3 Qc7 12. g3 O-O 13. Bf4 Bd7 14. Rc1 Be8 15.
Ne5 Bh5 16. Qd2 Bxe5 17. dxe5 Ng4 18. Bb5 Ngxe5 19. Qe3 Qb6 20. Bxc6 Qxe3 21.
fxe3 Nxc6 22. Nd4 Nxd4 23. exd4 Rac8 24. Rxc8 Rxc8 25. Rc1 Rxc1+ 1/2-1/2

[Event "GBR-ch86"]
[Site "Scarborough"]
[Date "1999.08.05"]
[Round "4.28"]
[White "Buckley, David"]
[Black "Hunt, Adam"]
[Result "0-1"]
[WhiteElo "2163"]
[BlackElo "2288"]
[PlyCount "52"]
[EventDate "1999.08.02"]
[EventType "swiss"]
[EventRounds "11"]
[EventCountry "GBR"]

1. d4 Nf6 2. Nf3 g6 3. Bg5 Bg7 4. Nbd2 O-O 5. c3 d5 6. e3 Nbd7 7. Bd3 b6 8. Qe2
Bb7 9. e4 h6 10. Bh4 Nh5 11. Qe3 dxe4 12. Nxe4 Ndf6 13. c4 Ng4 14. Qd2 Bxd4 15.
O-O-O Ne5 16. Rhe1 Nxf3 17. gxf3 Bg7 18. Qb4 c5 19. Nxc5 bxc5 20. Qxb7 Rb8 21.
Qxa7 Bxb2+ 22. Kd2 Nf4 23. Re3 Qd4 24. Rb1 Qc3+ 25. Kd1 Rfd8 26. Qxb8 Rxb8 0-1

[Event "GBR-ch86"]
[Site "Scarborough"]
[Date "1999.08.05"]
[Round "4.30"]
[White "Palliser, Richard"]
[Black "Broomfield, Matthew"]
[Result "1/2-1/2"]
[WhiteElo "2253"]
[BlackElo "2164"]
[PlyCount "42"]
[EventDate "1999.08.02"]
[EventType "swiss"]
[EventRounds "11"]
[EventCountry "GBR"]

1. d4 Nf6 2. c4 e6 3. Nc3 Bb4 4. Qc2 O-O 5. e4 c5 6. e5 cxd4 7. a3 dxc3 8. axb4
cxb2 9. Bxb2 Ne8 10. b5 d6 11. Qd2 f6 12. exd6 Qxd6 13. Qe3 Qb4+ 14. Bc3 Qe7
15. Rxa7 Rxa7 16. Qxa7 Nd7 17. Nf3 Nc5 18. Be2 Ne4 19. Ba5 Qa3 20. O-O Nc3 21.
Bd1 Nd6 1/2-1/2

[Event "GBR-ch86"]
[Site "Scarborough"]
[Date "1999.08.05"]
[Round "4.33"]
[White "Webster, Andrew"]
[Black "Tippleston, Charles"]
[Result "1/2-1/2"]
[WhiteElo "2427"]
[BlackElo "2171"]
[PlyCount "112"]
[EventDate "1999.08.02"]
[EventType "swiss"]
[EventRounds "11"]
[EventCountry "GBR"]

1. c4 c6 2. Nf3 d5 3. b3 Bg4 4. e3 e6 5. Bb2 Nf6 6. Be2 Nbd7 7. d3 Bb4+ 8. Nbd2
O-O 9. O-O Qe7 10. a3 Bd6 11. Nd4 Bxe2 12. Qxe2 c5 13. N4f3 Rad8 14. Rfe1 Bc7
15. b4 Rfe8 16. g3 a6 17. bxc5 Nxc5 18. Bxf6 Qxf6 19. cxd5 exd5 20. Rec1 Bd6
21. d4 Nd7 22. Qd3 Qe7 23. Qb3 Nf6 24. a4 Rc8 25. Rab1 Rxc1+ 26. Rxc1 Qd7 27.
Kg2 Kf8 28. Rb1 Rb8 29. Qb6 Ke7 30. Nb3 Qxa4 31. Nc5 Qc6 32. Qxc6 bxc6 33. Rxb8
Bxb8 34. Nxa6 Bd6 35. Ne1 Nd7 36. Nd3 Ba3 37. g4 f6 38. Kf3 Bd6 39. h4 Nf8 40.
g5 fxg5 41. hxg5 Ne6 42. Kg4 g6 43. Nac5 Nxc5 44. Nxc5 Bc7 45. f3 Ba5 46. Nb3
Bb4 47. e4 dxe4 48. fxe4 Kd7 49. Kf4 Bf8 50. Nd2 h6 51. Nf3 Bg7 52. Kg4 Ke6 53.
Kh4 hxg5+ 54. Kxg5 Bxd4 55. Nxd4+ Ke5 56. Nxc6+ Kxe4 1/2-1/2

[Event "GBR-ch86"]
[Site "Scarborough"]
[Date "1999.08.05"]
[Round "4.34"]
[White "Dearing, Eddie"]
[Black "Mercs, Peter J"]
[Result "1-0"]
[WhiteElo "2295"]
[BlackElo "2123"]
[PlyCount "81"]
[EventDate "1999.08.02"]
[EventType "swiss"]
[EventRounds "11"]
[EventCountry "GBR"]

1. d4 Nf6 2. c4 e6 3. Nc3 Bb4 4. Qc2 O-O 5. a3 Bxc3+ 6. Qxc3 b6 7. Bg5 Bb7 8.
e3 d6 9. f3 Nbd7 10. Bd3 c5 11. Ne2 Rc8 12. Qb3 h6 13. Bh4 Qc7 14. Rc1 Rfe8 15.
O-O d5 16. cxd5 exd5 17. Bf5 Ba6 18. Rfe1 Bc4 19. Qc3 g5 20. Bg3 Qd8 21. dxc5
bxc5 22. Qd2 Bxe2 23. Rxe2 Rc6 24. h4 Ne5 25. hxg5 Nh5 26. Bh2 hxg5 27. Rd1 Rd6
28. Qc3 Rf6 29. Bb1 d4 30. Qxc5 d3 31. Bxd3 Nxd3 32. Qxg5+ Ng7 33. Qb5 Nf4 34.
Rxd8 Nxe2+ 35. Qxe2 Rxd8 36. Be5 Rc6 37. Bc3 Rcd6 38. Qb5 Rg6 39. e4 Rd1+ 40.
Kf2 Rc1 41. g4 1-0

[Event "GBR-ch86"]
[Site "Scarborough"]
[Date "1999.08.05"]
[Round "4.35"]
[White "Storey, Charles H"]
[Black "Jackson, Oliver"]
[Result "1-0"]
[WhiteElo "2211"]
[BlackElo "2242"]
[PlyCount "73"]
[EventDate "1999.08.02"]
[EventType "swiss"]
[EventRounds "11"]
[EventCountry "GBR"]

1. e4 c5 2. Nf3 e6 3. d3 Nc6 4. g3 g6 5. d4 cxd4 6. Nxd4 d5 7. Nxc6 bxc6 8. Qd4
Qf6 9. Qa4 Bd7 10. Ba6 Qf3 11. O-O Qxe4 12. c4 Qe5 13. Bb7 c5 14. Qa3 Qb8 15.
Bxa8 Qxa8 16. Nc3 Nf6 17. Bg5 Be7 18. cxd5 c4 19. d6 Qf3 20. Nb5 Qxa3 21. Nxa3
Bd8 22. Nxc4 O-O 23. Ne5 Bb5 24. Rfc1 Nd5 25. Bh6 Bf6 26. Bxf8 Bxe5 27. Rc8 h5
28. Be7+ Kg7 29. a4 Bd7 30. Ra8 Bxb2 31. Rxa7 Bxa1 32. Rxd7 Bc3 33. Rc7 Bb4 34.
Rc4 Ba3 35. a5 Nxe7 36. dxe7 Bxe7 37. a6 1-0

[Event "GBR-ch86"]
[Site "Scarborough"]
[Date "1999.08.05"]
[Round "4.36"]
[White "Sugden, John"]
[Black "Richards, Heather"]
[Result "1/2-1/2"]
[WhiteElo "2241"]
[BlackElo "2117"]
[PlyCount "76"]
[EventDate "1999.08.02"]
[EventType "swiss"]
[EventRounds "11"]
[EventCountry "GBR"]

1. d4 e6 2. c4 Bb4+ 3. Bd2 a5 4. Nc3 Nc6 5. Nf3 Nf6 6. e3 d6 7. a3 Bxc3 8. Bxc3
Qe7 9. b3 e5 10. d5 Nb8 11. Qc2 O-O 12. Be2 Ne8 13. O-O f5 14. b4 axb4 15. axb4
Rxa1 16. Bxa1 f4 17. exf4 Rxf4 18. c5 Bg4 19. cxd6 cxd6 20. Bc3 Nd7 21. Bd2 Rf8
22. Ng5 Bf5 23. Bd3 Bxd3 24. Qxd3 Nef6 25. Qb5 Rb8 26. Rc1 Nf8 27. Qc4 h6 28.
Ne4 N8d7 29. Nxf6+ Nxf6 30. Be3 b5 31. Qc6 Ng4 32. Bb6 Qb7 33. Qxb7 Rxb7 34.
Rc6 Rd7 35. Bc7 Nf6 36. Bxd6 Nxd5 37. g3 e4 38. Bc5 Kf7 1/2-1/2

[Event "GBR-ch86"]
[Site "Scarborough"]
[Date "1999.08.05"]
[Round "4.37"]
[White "Cooper, Andrew G"]
[Black "Naylor, John"]
[Result "0-1"]
[WhiteElo "2151"]
[BlackElo "2233"]
[PlyCount "94"]
[EventDate "1999.08.02"]
[EventType "swiss"]
[EventRounds "11"]
[EventCountry "GBR"]

1. d4 Nf6 2. c4 g6 3. Nc3 Bg7 4. e4 d6 5. Be2 O-O 6. Bg5 c6 7. Qd2 a6 8. f4 b5
9. e5 b4 10. exf6 exf6 11. Ne4 fxg5 12. fxg5 Re8 13. Ng3 c5 14. Nf3 Nc6 15. d5
Nd4 16. O-O Nxe2+ 17. Nxe2 Bg4 18. Rae1 Bxf3 19. gxf3 Qe7 20. b3 f5 21. h4 Qe5
22. Nf4 Qd4+ 23. Qxd4 Bxd4+ 24. Kg2 Bc3 25. Rxe8+ Rxe8 26. Ne6 a5 27. Rf2 Re7
28. Nd8 Be1 29. Nc6 Re3 30. Rc2 Bxh4 31. Nxa5 Bxg5 32. Nb7 Be7 33. Kf2 f4 34.
Na5 Kf7 35. Nc6 Bh4+ 36. Kg2 Bf6 37. Na7 h5 38. Nb5 Ke7 39. Nc7 g5 40. Ne6 Kf7
41. Kf2 g4 42. fxg4 hxg4 43. Re2 g3+ 44. Kf1 Rxe2 45. Kxe2 g2 46. Kf2 f3 47.
Nf4 Bd4+ 0-1

[Event "GBR-ch86"]
[Site "Scarborough"]
[Date "1999.08.05"]
[Round "4.38"]
[White "McMahon, Paul"]
[Black "Koneru, Humpy"]
[Result "0-1"]
[WhiteElo "2030"]
[BlackElo "2229"]
[PlyCount "70"]
[EventDate "1999.08.02"]
[EventType "swiss"]
[EventRounds "11"]
[EventCountry "GBR"]

1. Nc3 Nf6 2. Nf3 g6 3. e4 d6 4. d4 Bg7 5. h3 O-O 6. Be3 a6 7. a4 b6 8. Qd2 Bb7
9. Bd3 Nbd7 10. Bh6 e5 11. Bxg7 Kxg7 12. O-O h6 13. Rfe1 Re8 14. dxe5 dxe5 15.
Rad1 Qe7 16. Bc4 Qb4 17. b3 c6 18. Qe3 b5 19. Bf1 Qe7 20. Rd2 Nc5 21. Red1 b4
22. Rd6 bxc3 23. Rxf6 Kxf6 24. Qxh6 Qf8 25. Qg5+ Kg7 26. Nh4 Bc8 27. Nf5+ Bxf5
28. exf5 Qe7 29. Qg4 Rad8 30. Re1 Rd4 31. Qg3 Qf6 32. fxg6 fxg6 33. Qxc3 Ne4
34. Qe3 Qf4 35. Qxf4 exf4 0-1